000 00521nam a2200193Ia 4500
005 20250923144708.0
008 008 250917s9999 xx 000 0 eng d
037 _aTextual
040 _aDSWL
_beng
_cDSWL
041 _aeng
_2eng
084 _aQ29M8wM24, N33
_qDSWL
245 0 _aDayanand commemorati on volume
_cEd. by H.B. Sarda
260 _aAjmer
_bAjmer .
_c1933
300 _axlvii,418p.
365 _aINR
_b5
925 _g5
942 _cTEXL
_hQ29M8wM24, N33
999 _c1442173
_d1442173